Statistics for 50 States of America

Click here to take the quiz!

General Stats

  • This quiz has been taken 512 times
  • The average score is 35 of 50

Answer Stats

Answer% Correct
Alabama
91%
California
90%
Alaska
89%
Florida
86%
New York
86%
Arizona
82%
Hawaii
81%
Arkansas
79%
Colorado
79%
Idaho
77%
Texas
77%
North Dakota
76%
Ohio
76%
Washington
76%
Georgia
75%
Indiana
74%
Kansas
74%
New Jersey
74%
New Mexico
74%
Delaware
73%
North Carolina
73%
Maine
72%
South Dakota
72%
Kentucky
71%
South Carolina
71%
Mississippi
70%
Illinois
69%
Iowa
69%
Nevada
69%
Virginia
68%
Louisiana
67%
Maryland
67%
Michigan
67%
Montana
66%
Connecticut
65%
Rhode Island
64%
Utah
64%
West Virginia
64%
Wyoming
63%
Minnesota
62%
New Hampshire
62%
Missouri
60%
Nebraska
60%
Massachusetts
59%
Oregon
59%
Pennsylvania
59%
Oklahoma
58%
Vermont
56%
Tennessee
55%
Wisconsin
54%

Score Distribution

Percentile by Number Answered

Percent of People with Each Score

Your Score History

You have not taken this quiz